O Processo de Insolvn̊cia

Bibliographic Details
Main Author: Leitó, Helder Martins
Format: Unknown
Language:English
Published: Porto : Almeida & Leitó, 2006
Subjects:
Online Access:Acceso restringido

MARC

LEADER 00000ny a22000003n 4500
005 20110622151444.0
008 091214s2006 po 000 0 eng d
020 |a 9789727491353 
035 |a 1871 
040 |a BUS  |d vLex 
090 |c 1029  |d 1029 
100 1 |a Leitó, Helder Martins 
245 1 2 |a O Processo de Insolvn̊cia  |h [Recurso electrn̤ico] 
256 |a Servicio en ln̕ea 
260 |a Porto :  |b Almeida & Leitó,  |c 2006 
300 |a p. ;  |c cm 
506 1 |a Contenido solo disponible en los productos indicados  |d vLex Global  |d vLex Global (Academic Edition, excluding Law Schools)  |d vLex Global (U.S. Academic Edition, Law Schools)  |d vLex Global (U.S. Academic Edition, excluding Law Schools)  |d vLex Global (Academic Edition, Law Schools) 
650 0 4 |a Quiebra  |x Derecho  |z Portugal 
740 0 |a vLex Libros (Servicios en ln̕ea) 
856 4 0 |z Acceso restringido  |u http://vlex.com/source/1871 
942 |c BOOK